| 000 | 00743nam a2200253 a 4500 | ||
|---|---|---|---|
| 001 | 000042209 | ||
| 005 | 20201002040017.0 | ||
| 008 | 131119s1986 dr a 001 0 spa d | ||
| 020 | _a9681805038 | ||
| 040 |
_aDO-SdBNP _bspa _cBNPHU |
||
| 082 |
_a532 _bS717h, 1986 |
||
| 100 | 1 |
_aSotelo Ávila, Gilberto _969227 |
|
| 245 | 1 | 0 |
_aHidraulica general / _cGilberto Sotelo Ávila. |
| 250 | _a2a. ed. | ||
| 260 |
_aSanto Domingo : _btaller, _c1986. |
||
| 300 |
_av. : _bil. ; _c24 cm. |
||
| 500 | _aLa biblioteca posee v.1 | ||
| 500 | _aIncluye índice | ||
| 504 | _aBibliografía: p. 544-547 | ||
| 505 | 0 |
_gv. 1 _tFundamentos |
|
| 590 | _aInventariado, 2020/BT | ||
| 650 | 4 |
_aHidráulica _969228 |
|
| 910 | _aValidado. Control de calidad MFF | ||
| 999 |
_c41698 _d41698 |
||